000 00880nas a2200313 4500
001 BR0300712
003 BR-BrBNA
005 20231205103554.0
007 ta
008 230509b bl.|||p| |||| 00| 00por d
040 _aBR-BrBNA
_bpor
_cBiblioteca Nacional de Agricultura
041 _a(Pt)
072 _aP34
100 1 _aBueno, C.J.
100 1 _aSouza, N.L. de
245 1 _aSonda para gases de subsolo
650 _aSUBSOLO
650 _aPATÓGENO
650 _aRESÍDUO ORGÂNICO
650 _aGÁS
650 _aANÁLISE QUALITATIVA
650 _aANÁLISE QUANTITATIVA
650 _aMICROBIOLOGIA DO SOLO
650 _aEQUIPAMENTO AGRÍCOLA
650 _aFAUNA EDÁFICA
773 0 _tSumma Phytopathologica (Brazil)
_xISSN 0100-5405
_g(Apr-Jun 2002), v. 28(2) p. 215-218
_wBR0300712
909 _a202311
_bLúcia
_c55
_dLúcia Elande
942 _2AGRIS
_n0
_cANA
999 _c173579
_d173579